| 000 | 00687nam a22002417a 4500 | ||
|---|---|---|---|
| 001 | sjds | ||
| 003 | sjds | ||
| 005 | 20221220133502.0 | ||
| 008 | 221220b sp ||||| |||| 00| 0 spa d | ||
| 020 | _a9788434852075 | ||
| 020 | _a8434852071 | ||
| 040 | _csjds | ||
| 041 | _aspa | ||
| 100 | 1 | 0 | _aDelafosse, Claude |
| 245 | 1 | 3 |
_aEl Tacto / _c by Claude Delafosse (Author), Sophie Kniffke (Author, Illustrator), Paz Barroso (Translator) |
| 246 | _aEl Tacto | ||
| 260 |
_aMadrid ; _bSM, _cc1997 |
||
| 300 |
_a[24] p. [11] p. de lam. color : _bprincipalmente il. color ; _c18 cm. |
||
| 440 | _aMuno Mavavilloso | ||
| 700 | 1 | 0 | _aKniffke, Sophie |
| 700 | 1 | 0 | _aBarroso, Paz |
| 942 | _cBK | ||
| 999 |
_c27565 _d27565 |
||